|
|
|
|
| LEADER |
01330nam a2200349Ia 4500 |
| 001 |
EBC548102 |
| 003 |
MiAaPQ |
| 005 |
20200520144314.0 |
| 006 |
m o d | |
| 007 |
cr cn||||||||| |
| 008 |
100507s2010 gw a s 000 0 ger d |
| 020 |
|
|
|z 9783598251269
|
| 020 |
|
|
|z 3598251262
|
| 035 |
|
|
|a (MiAaPQ)EBC548102
|
| 035 |
|
|
|a (Au-PeEL)EBL548102
|
| 035 |
|
|
|a (CaPaEBR)ebr10399347
|
| 035 |
|
|
|a (CaONFJC)MIL267337
|
| 035 |
|
|
|a (OCoLC)648711643
|
| 040 |
|
|
|a MiAaPQ
|c MiAaPQ
|d MiAaPQ
|
| 050 |
|
4 |
|a DD259.7.H4
|b H48 2010
|
| 100 |
1 |
|
|a Heuss, Theodor,
|d 1884-1963.
|
| 245 |
1 |
0 |
|a Hochverehrter Herr Bundesprasident!
|h [electronic resource] :
|b der Briefwechsel mit der Bevolkerung 1949-1959 /
|c Theodor Heuss; hrsg. und bearb. von Wolfram Werner.
|
| 260 |
|
|
|a Berlin :
|b De Gruyter,
|c 2010.
|
| 300 |
|
|
|a 588 p. :
|b ill.
|
| 490 |
0 |
|
|a Briefe / Theodor Heuss
|
| 533 |
|
|
|a Electronic reproduction. Ann Arbor, MI : ProQuest, 2015. Available via World Wide Web. Access may be limited to ProQuest affiliated libraries.
|
| 600 |
1 |
0 |
|a Heuss, Theodor,
|d 1884-1963.
|t Correspondence.
|
| 650 |
|
0 |
|a Statesmen
|z Germany
|v Correspondence.
|
| 655 |
|
4 |
|a Electronic books.
|
| 700 |
1 |
|
|a Werner, Wolfram.
|
| 710 |
2 |
|
|a ProQuest (Firm)
|
| 856 |
4 |
0 |
|u https://ebookcentral.proquest.com/lib/matrademy/detail.action?docID=548102
|z Click to View
|